000 01452cam a2200445 i 4500
001 6970
003 KOSZ 005
005 20200721112018.0
008 970510s1995 pl a f f |001 0 pol
015 _aPB 1995/4073
020 _a8320418291
040 _aWA N
_cWA N
_dKOSZ 005/HR
080 _a577.1
080 _a63
080 _a664
080 _a(075.8)
100 1 _aKączkowski, Jerzy
_d(1925-2004)
_eAutor
245 1 0 _aPodstawy biochemii /
_cJerzy Kączkowski.
250 _aWyd. 10 popr.
260 _aWarszawa :
_bWydawnictwa Naukowo-Techniczne,
_c1995.
300 _a352, [4] s. :
_brys., wykr. ;
_c24 cm.
336 _2rdacontent
_aTekst
_btxt
337 _2rdamedia
_aBez urządzenia pośredniczącego
_bn
338 _2rdacarrier
_aWolumin
_bnc
380 _aKsiążki
380 _aPublikacje dydaktyczne
385 _mPoziom nauczania
_aSzkoły wyższe
388 _a1901-2000
388 _a1989-2000
490 1 _aPodręczniki Akademickie. Przemysł Spożywczy.
504 _aBibliogr. s. 336 i przy rozdz. - Indeks.
650 4 _aŻywność
650 4 _aBiochemia
655 4 _aPodręczniki akademickie
658 _aRolnictwo i leśnictwo
710 2 _aWydawnictwa Naukowo-Techniczne
_4pbl.
856 _uhttp://koha.tu.koszalin.pl/cgi-bin/koha/opac-detail.pl?biblionumber=6970
830 0 _aPodręczniki Akademickie.
_pPrzemysł Spożywczy
942 _2UKD
_cKS
999 _c6970
_d6970